Ευρωπαϊκή Κεντρική Τράπεζα, το ευρώ και η άσκηση της νομισματικής πολιτικής πως επηρεάζει τα κράτη-μέλη : πτυχιακή εργασία
Αποθηκεύτηκε σε:
| Κύριος συγγραφέας: | |
|---|---|
| Άλλοι συγγραφείς: | |
| Μορφή: | Thesis Βιβλίο |
| Γλώσσα: | Greek |
| Δημοσίευση: |
Χίος :
Πανεπιστήμιο Αιγαίου, Τμήμα Διοίκησης Επιχειρήσεων,
2010.
|
| Θέματα: | |
| Διαθέσιμο Online: | http://hdl.handle.net/11610/6511 |
| Ετικέτες: |
Προσθήκη ετικέτας
Δεν υπάρχουν, Καταχωρήστε ετικέτα πρώτοι!
|
MARC
| LEADER | 00000cam a2200000 i 4500 | ||
|---|---|---|---|
| 001 | 1/17761 | ||
| 008 | 120214s2010 gre d | ||
| 035 | |l 10111831 | ||
| 040 | |a GR-MY-UA |b gre |e aacr | ||
| 041 | 0 | |a gre | |
| 082 | 0 | |a 332.1 |2 (22) | |
| 100 | 1 | |a Γιαλλούρου, Μαρία. | |
| 245 | 1 | 0 | |a Ευρωπαϊκή Κεντρική Τράπεζα, το ευρώ και η άσκηση της νομισματικής πολιτικής πως επηρεάζει τα κράτη-μέλη : |b πτυχιακή εργασία / |c Μαρία Γιαλλούρου ; επιβλέπων Αριστείδης Σάμιτας. |
| 260 | |a Χίος : |b Πανεπιστήμιο Αιγαίου, Τμήμα Διοίκησης Επιχειρήσεων, |c 2010. | ||
| 300 | |a 90 σ.; |b εικ.; |c 30 εκ. | ||
| 502 | |a Πτυχιακή εργασία – Πανεπιστήμιο Αιγαίου, Χίος, 2010. | ||
| 504 | |a Βιβλιογραφία: 88-90 | ||
| 650 | 0 | 0 | |a Banks and banking |z European Economic Community countries. |
| 650 | 0 | 0 | |a Euro. |
| 650 | 0 | 0 | |a Monetary policy |z European Union countries. |
| 650 | 0 | 0 | |a Dissertations, Academic |z Greece. |
| 700 | 1 | |a Σάμιτας, Αριστείδης. |4 ths | |
| 852 | |a INST |b CHIOS |c DIATR |e 20120214 |h 332.1 ΓΙΑ |p 005200031397 |q 005200031397 |t DIE |y 23 | ||
| 852 | |a INST |b CHIOS |c DIATR |e 20120214 |h 332.1 ΓΙΑ |p 005200031398 |q 005200031398 |t DIE |y 23 | ||
| 856 | |u http://hdl.handle.net/11610/6511 | ||
| 901 | |a BIBL2-2012-1 | ||
| 909 | |a Χ |b 149109 | ||
| 909 | |a Χ |b 149110 | ||
| 924 | |a ΓΙΑΛΛΟΥΡΟΥ |b ΜΑΡΙΑ |y ΧΙΟΣ |z 2010-09 | ||
| 970 | |a ΣΠΕΝΤΖΑ |b ΕΛΕΝΗ |z 2012/02/14 | ||